000 00894nam2a22002291 4500
001 RU\NLR\A1SV\66467
005 20251203152403.2
035 _a(NLR Aleph) 009748094
090 _a13482094
_c13482094
100 _a20051212d1925 u y0rusy50 ca
101 1 _arus
_ceng
200 1 _aРассказы о непокое
210 _d1925
215 _a320 с., 1 л. портр.
327 1 _aДжозеф Конрад /[Соч.] Евгения Ланна
_aКараин
_aИдиоты
_aАванпост цивилизации
_aЛагуна
_aВозвращение
461 0 _1001RU\NLR\A1SV\66466
_12000#$vТ.1, кн.1
_99969747
_aКонрад, Д. (1857-1924)
_cМ.
_d1924-
_fДжозеф Конрад
_nЗемля и фабрика
_tСобрание сочинений
_vТ.1, кн.1
801 0 _aRU
_bNLR
_c20051212
852 _aNLR
942 _cBOOK
980 _aA1SV
980 _aNB